[Event "Arad Open A"]
[Site "Arad ROU"]
[Date "2011.08.07"]
[Round "4"]
[White "Miron,L"]
[Black "Anton,T"]
[Result "1-0"]
[WhiteElo "2506"]
[BlackElo "2355"]

1.Nf3 Nf6 2.c4 e6 3.g3 b6 4.Bg2 Bb7 5.O-O c5 6.Nc3 Be7 7.Re1 O-O 8.e4 d6
9.d4 cxd4 10.Nxd4 Qc8 11.Be3 a6 12.Rc1 Nbd7 13.f4 Re8 14.g4 g6 15.g5 Nh5
16.f5 exf5 17.Nxf5 gxf5 18.Qxh5 fxe4 19.Nd5 Bxd5 20.cxd5 Qd8 21.Bxe4 Nf8
22.Rf1 Bf6 23.Rxf6 Ra7 24.Rc4 Re5 25.Bxh7+ Nxh7 26.Rh4  1-0

[Event "Stare Mesto FIDE Open"]
[Site "Stare Mesto CZE"]
[Date "2011.08.12"]
[Round "1.26"]
[White "Kozusek,Daniel"]
[Black "Mrazek,L"]
[Result "0-1"]
[WhiteElo "1728"]
[BlackElo "2148"]

1.c4 c5 2.Nf3 Nf6 3.g3 b6 4.Bg2 Bb7 5.O-O e6 6.Nc3 Be7 7.d3 O-O 8.e4 d6 9.Re1 Nc6
10.b3 Rc8 11.Bb2 Qc7 12.d4 cxd4 13.Nb5 Qb8 14.Nbxd4 Rfd8 15.Nxc6 Bxc6 16.Nd4 Ba8
17.Qe2 Nd7 18.Rad1 a6 19.f4 Bf6 20.Ba3 Nc5 21.b4 Na4 22.Qd3 b5  0-1

[Event "e2e4 Int Masters A"]
[Site "Sunningdale ENG"]
[Date "2011.08.12"]
[Round "4"]
[White "Tuhrim,R"]
[Black "Bhatia,K"]
[Result "1-0"]
[WhiteElo "2163"]
[BlackElo "2108"]

1.Nf3 Nf6 2.c4 c5 3.g3 b6 4.Bg2 Bb7 5.O-O e6 6.Nc3 Be7 7.d4 Ne4 8.Qd3 Nxc3
9.bxc3 d5 10.cxd5 exd5 11.Bf4 O-O 12.a4 Nd7 13.a5 bxa5 14.Qb5 Bc8 15.Qc6 Nb6
16.Bc7 Qe8 17.Ne5 Qxc6 18.Nxc6 Re8 19.Nxe7+ Rxe7 20.Bd6 Re6 21.dxc5 Bb7 22.Rfb1 Bc6
23.cxb6 Rxd6 24.bxa7 a4 25.c4 h6 26.cxd5 Be8 27.Rb8 Rd8 28.Rxd8 Rxd8 29.d6  1-0

[Event "7th Gazi-Heraklion Open"]
[Site "Heraklion GER"]
[Date "2011.08.13"]
[Round "9"]
[White "Aggelis,N"]
[Black "Kasparov,S"]
[Result "1/2-1/2"]
[WhiteElo "2294"]
[BlackElo "2503"]

1.Nf3 Nf6 2.c4 c5 3.g3 b6 4.Bg2 Bb7 5.O-O e6 6.Nc3 d6 7.d4 cxd4 8.Qxd4 a6
9.Rd1 Be7 10.b3 Nbd7 11.e4 Qc8 12.Bb2 O-O 13.Qe3 Re8 14.Rac1 Qc7 15.Qf4 Rad8
16.Ba3 Ne5 17.Qe3 Nxf3+ 18.Qxf3 Qb8 19.Qe3 Ba8 20.Qe2 Bf8 21.Bb2 Bc6 22.a4 Nd7
23.Qc2 Rc8 24.Qb1 Nc5 25.Ba3 Ba8 26.Rd2 Bb7 27.Rcd1 Qa8 28.f4 Qb8 29.h3 Bc6
30.Kh2 Qa8  1/2-1/2

[Event "Stare Mesto FIDE Open"]
[Site "Stare Mesto CZE"]
[Date "2011.08.14"]
[Round "4.15"]
[White "Dmitrenko,V"]
[Black "Machan,J"]
[Result "1-0"]
[WhiteElo "2353"]
[BlackElo "2012"]

1.Nf3 Nf6 2.c4 e6 3.g3 b6 4.Bg2 Bb7 5.O-O c5 6.Nc3 Be7 7.Re1 O-O 8.e4 d6
9.d4 cxd4 10.Nxd4 Qc8 11.Bg5 a6 12.Rc1 Nbd7 13.b3 Rd8 14.Bh3 h6 15.Bd2 Ne5
16.Nd5 Bxd5 17.cxd5 Qb7 18.dxe6 Nd3 19.exf7+ Kxf7 20.Be6+ Kg6 21.Qf3  1-0

[Event "Stare Mesto FIDE Open"]
[Site "Stare Mesto CZE"]
[Date "2011.08.18"]
[Round "8"]
[White "Vokac,M"]
[Black "Mrazek,L"]
[Result "1-0"]
[WhiteElo "2499"]
[BlackElo "2148"]

1.Nf3 Nf6 2.g3 b6 3.Bg2 Bb7 4.O-O e6 5.c4 c5 6.Nc3 Be7 7.Re1 O-O 8.e4 d6
9.h3 a6 10.d3 Nc6 11.a3 Qc7 12.Be3 Rac8 13.Rc1 Ba8 14.Qa4 Na7 15.b4 Bc6 16.b5 axb5
17.cxb5 Bb7 18.d4 Ra8 19.dxc5 bxc5 20.Qb3 Bxe4 21.Nxe4 Nxe4 22.b6 Qb7 23.Qb1 Nc8
24.Ng5 f5 25.Nxe4 fxe4 26.Bxe4 d5 27.Bxh7+ Kh8 28.Qg6 d4 29.Qh5 Qd5 30.Bf5+ Kg8
31.Qh7+ Kf7 32.Qg6+  1-0

[Event "23rd Porto San Giorgio Open"]
[Site "Porto San Giorgio ITA"]
[Date "2011.08.28"]
[Round "9"]
[White "Suvrajit,S"]
[Black "Esposito,L"]
[Result "1/2-1/2"]
[WhiteElo "2362"]
[BlackElo "2235"]

1.Nf3 Nf6 2.c4 e6 3.g3 b6 4.Bg2 Bb7 5.O-O c5 6.Nc3 Be7 7.Re1 d6 8.e4 O-O
9.d4 cxd4 10.Nxd4 Qc8 11.b3 a6 12.Bb2 Nbd7 13.Rc1 Qc7 14.Rc2 Rfe8 15.f4 Bf8
16.g4 e5 17.Nd5 Qd8 18.fxe5 Nxe5 19.h3 Nfd7 20.Rf2 Nc5 21.Re3 b5 22.cxb5 axb5
23.Nxb5 Rxa2 24.Nbc7 Bxd5 25.Nxd5 Qb8 26.Bd4 Rxf2 27.Kxf2 Nc6 28.Bb2 Nb4
29.Nxb4 Qxb4 30.Qd5 Rb8 31.Bf1 Nxb3 32.Bc3 Qc5 33.Bc4 Qxd5  1/2-1/2

[Event "1st Alghero Open"]
[Site "Alghero ITA"]
[Date "2011.09.01"]
[Round "7.2"]
[White "Kogan,Ar"]
[Black "Vocaturo,D"]
[Result "0-1"]
[WhiteElo "2548"]
[BlackElo "2537"]

1.Nf3 Nf6 2.c4 c5 3.g3 b6 4.Bg2 Bb7 5.O-O e6 6.b3 d6 7.Bb2 a6 8.e3 Nbd7 9.d4 Be7
10.d5 exd5 11.Nh4 Qc7 12.cxd5 O-O-O 13.e4 Rhe8 14.Nd2 g6 15.f4 Nh5 16.Nhf3 Bf6
17.Qc2 Bxb2 18.Qxb2 h6 19.Rac1 Kb8 20.b4 b5 21.Kh1 Qb6 22.Rfe1 g5 23.bxc5 dxc5
24.Ne5 gxf4 25.Nxf7 fxg3 26.Nxd8 Qxd8 27.Nf3 Ndf6 28.Ne5 gxh2 29.Re3 Qd6
30.Nc6+ Bxc6 31.dxc6 Ng4 32.e5 Rxe5 33.Rf3 Re7 34.Qh8+ Ka7 35.Qc3 Nf2+ 36.Rxf2 Ng3+
37.Qxg3 Qxg3 38.Rcf1 Kb6 39.Rf6 Re2 40.Bd5 Re1 41.Bg2 c4 42.c7+  0-1

[Event "TCh-SRB Premier Men"]
[Site "Valjevo SRB"]
[Date "2011.09.04"]
[Round "9.3"]
[White "Paunovic,D"]
[Black "Pavlovic,G1"]
[Result "1-0"]
[WhiteElo "2503"]
[BlackElo "2406"]

1.Nf3 Nf6 2.g3 b6 3.Bg2 Bb7 4.O-O e6 5.c4 c5 6.Nc3 Be7 7.d4 cxd4 8.Qxd4 d6
9.Bg5 a6 10.Bxf6 Bxf6 11.Qd3 Ra7 12.Rad1 Be7 13.Ne4 Bxe4 14.Qxe4 O-O 15.Nd4 Qc7
16.b3 Qc5 17.Qd3 Rc7 18.Qd2 Rfc8 19.e3 Nd7 20.Qe2 Nf6 21.Rd2 Qa5 22.Rb2 g6
23.a4 d5 24.cxd5 Nxd5 25.Bxd5 exd5 26.Rd2 Bf6 27.Rfd1 Rc3 28.Qf3 Bxd4 29.Rxd4 Rxb3
30.Rxd5 Qb4 31.R5d4 Qe7 32.Rd7 Qe6 33.R1d6 Rb1+ 34.Kg2 Qc4 35.Qf6 Qe4+ 36.Kh3 Rf8
37.Rxf7 Qf5+ 38.Qxf5 gxf5 39.Rb7 Rb2 40.Kg2  1-0

[Event "TCh-SRB Premier Women"]
[Site "Valjevo SRB"]
[Date "2011.09.05"]
[Round "10.2"]
[White "Zivkovic,Ves"]
[Black "Nickovic,Teodora"]
[Result "1-0"]
[WhiteElo "2058"]
[BlackElo "1540"]

1.Nf3 Nf6 2.g3 b6 3.Bg2 Bb7 4.O-O e6 5.c4 c5 6.Nc3 Be7 7.d3 h6 8.e4 d6 9.Qa4+ Qd7
10.Qc2 Nc6 11.b3 O-O 12.Bb2 Ne8 13.Qd2 Bf6 14.Rae1 Nd4 15.Nxd4 Bxd4 16.Ne2 Bxb2
17.Qxb2 e5 18.f4 Qe7 19.Rf2 Nc7 20.Ref1 f6 21.Qd2 Ne6 22.Bh3 Nc7 23.Bf5 Bc8
24.g4 Bxf5 25.gxf5 a6 26.Rg2 Rf7 27.fxe5 dxe5 28.Qxh6 Qf8 29.Qg6 Rd7 30.Rf3 Qf7
31.Qg4 Kf8 32.Rh3 Qg8 33.Qg6 Rf7 34.Rh7 b5 35.Rg3 Ke7 36.Rxg7 Rxg7 37.Qxg7+ Qxg7
38.Rxg7+ Kd6 39.Rf7 Ne8 40.h4 Nc7 41.Rxf6+ Ke7 42.Rg6 Rh8 43.Rg4 Rd8 44.Rg7+ Kd6
45.Nc3 Rh8 46.Rg4 Rh6 47.Rg6+  1-0

[Event "Yuzhny Open"]
[Site "Yuzhny UKR"]
[Date "2011.09.06"]
[Round "6.30"]
[White "Zaichuk,V"]
[Black "Lomakin,V"]
[Result "0-1"]
[WhiteElo "2005"]
[BlackElo "2112"]

1.Nf3 c5 2.c4 Nf6 3.g3 b6 4.Bg2 Bb7 5.O-O e6 6.d4 cxd4 7.Qxd4 d6 8.Nc3 a6
9.b3 Qc7 10.Ba3 Nbd7 11.Rac1 Be7 12.Rfd1 Nc5 13.e4 e5 14.Qe3 Ncxe4 15.Nxe4 Bxe4
16.Ne1 Bxg2 17.Nxg2 O-O 18.Qe2 Rfd8 19.Ne3 Ra7 20.g4 h6 21.h4 Qc8 22.h5 Qe6
23.Nd5 Nxg4 24.Nxb6 Qf5 25.f3 Nf6 26.c5 dxc5 27.Rxd8+ Bxd8 28.Bxc5 Qg5+  0-1

[Event "8th LGA Premium Cup"]
[Site "Nuernberg GER"]
[Date "2011.09.10"]
[Round "5.79"]
[White "Neumann,Ro"]
[Black "Laschenko,S"]
[Result "0-1"]
[WhiteElo "1869"]
[BlackElo "2032"]

1.c4 Nf6 2.Nf3 c5 3.g3 b6 4.Bg2 Bb7 5.O-O e6 6.b3 d6 7.Bb2 Be7 8.d3 Nbd7
9.Nbd2 O-O 10.Qc2 Qc7 11.Rac1 Rac8 12.Rfd1 Qb8 13.Qb1 Qa8 14.Qa1 Rfe8 15.a3 Bf8
16.e4 Red8 17.Re1 Ng4 18.Rcd1 Nge5 19.Nxe5 Nxe5 20.Nf1 Ng6 21.d4 cxd4 22.Bxd4 Rc7
23.Re2 Rcd7 24.Rde1 Ne7 25.Bb2 a6 26.a4 Rc7 27.Bd4 Nc8 28.f4 Bc6 29.Kh1 Qb7
30.Nd2 b5 31.cxb5 axb5 32.a5 d5 33.e5 Qa6 34.Qc3 b4 35.Qa1 Bb5 36.Rf2 Bc5
37.Nf3 Ne7 38.Rc2 Bxd4 39.Nxd4 Rxc2 40.Nxc2 Nc6 41.Nd4 Nxa5 42.Rc1 Qb6 43.Qb2 h6
44.Qd2 Bd7 45.Bf1 Rc8 46.Rxc8+ Bxc8 47.Bd3 Kf8 48.Qc2 Bd7 49.Bb5 Bxb5 50.Nxb5 Qc6
51.Qd3 Nxb3 52.Kg2 Nc1 53.Qb1 Qxb5 54.Qxc1 Qc4 55.Qa1 Qc2+ 56.Kh3 Kg8  0-1

[Event "4th Mumbai Mayors Cup"]
[Site "Mumbai IND"]
[Date "2011.09.17"]
[Round "3"]
[White "Gokhale,C"]
[Black "Akshayraj,K"]
[Result "0-1"]
[WhiteElo "2233"]
[BlackElo "2384"]

1.Nf3 c5 2.g3 b6 3.Bg2 Bb7 4.c4 Nf6 5.O-O e6 6.b3 Be7 7.Bb2 O-O 8.Nc3 d6
9.d4 cxd4 10.Qxd4 a6 11.Rfd1 Qc7 12.Rac1 Nbd7 13.Qd2 Rac8 14.Nd4 Bxg2 15.Kxg2 Qb7+
16.f3 Ne5 17.e4 Rc7 18.Qe2 Rfc8 19.Rc2 Bf8 20.Rcd2 Nfd7 21.f4 Nc6 22.Nf3 Nc5
23.h4 Rb8 24.e5 dxe5 25.fxe5 b5 26.Kh3 bxc4 27.Qxc4 a5 28.Qe2 h6 29.Nd4 Nxd4
30.Rxd4 Na6 31.Ne4 Nb4 32.Nd6 Qa8 33.Rc1 Rxc1 34.Bxc1 Qh1+  0-1

[Event "ch-Euro Youth b14"]
[Site "Albena BUL"]
[Date "2011.09.19"]
[Round "8.17"]
[White "Shtembuliak,E"]
[Black "Todorovic,Nenad I"]
[Result "1-0"]
[WhiteElo "2131"]
[BlackElo "1927"]

1.Nf3 Nf6 2.g3 b6 3.Bg2 Bb7 4.O-O e6 5.c4 c5 6.Nc3 Be7 7.Re1 Ne4 8.Nxe4 Bxe4
9.d3 Bb7 10.e4 d6 11.d4 cxd4 12.Nxd4 O-O 13.Be3 a6 14.Rc1 Qc7 15.f4 Nd7 16.Bf2 Rfe8
17.b4 Rac8 18.Qe2 Bf8 19.a3 e5 20.Nb3 exf4 21.gxf4 f5 22.Nd2 Nf6 23.Qd3 Qc6
24.Qd4 b5 25.Nb3 Nxe4 26.Na5 Qd7 27.Qa7 Bc6 28.Qxa6 bxc4 29.Qxc4+ d5 30.Qd4 Ba8
31.Be3 Be7 32.Qa7 Qe6 33.Nb3 Rxc1 34.Rxc1 d4 35.Nxd4 Qg6 36.Rc2 Bf8 37.Nf3 Nc5
38.Ne5 Qh5  1-0

[Event "24th Moratalaz Open"]
[Site "Madrid ESP"]
[Date "2011.09.19"]
[Round "5.4"]
[White "Sanchez Alarcos Galian,V"]
[Black "Roa Alonso,S"]
[Result "1/2-1/2"]
[WhiteElo "2239"]
[BlackElo "2420"]

1.Nf3 Nf6 2.c4 c5 3.g3 b6 4.Bg2 Bb7 5.O-O e6 6.b3 Be7 7.Bb2 O-O 8.Nc3 d5
9.cxd5 exd5 10.d4 Na6 11.Rc1 Re8 12.dxc5 bxc5 13.Na4 Ne4 14.Nd2 Bg5 15.f4 Nxd2
16.Qxd2 Bf6 17.Bxf6 Qxf6 18.Bf3 Qe7 19.Rc2 h6 20.Rfc1 Rac8 21.a3 d4 22.Qd3 Bxf3
23.Qxf3 Qe3+ 24.Qxe3 Rxe3 25.Nxc5 Rxc5 26.Rxc5 Nxc5 27.Rxc5 Rxe2 28.Rd5  1/2-1/2

[Event "Caissa IM Sept 2011"]
[Site "Kecskemet HUN"]
[Date "2011.09.21"]
[Round "7.1"]
[White "Erdelyi,T"]
[Black "Meszaros,Gyu"]
[Result "1/2-1/2"]
[WhiteElo "2176"]
[BlackElo "2360"]

1.c4 Nf6 2.Nf3 e6 3.g3 b6 4.Bg2 Bb7 5.O-O c5 6.d4 cxd4 7.Nxd4 Bxg2 8.Kxg2 Qc8
9.Qd3 a6 10.b3 Be7 11.Bb2 O-O 12.Nc3 d6 13.Qf3 Ra7 14.Rfd1 Rc7 15.Rac1 Nbd7
16.e4 Qb7 17.Qe2 Rfc8 18.h3 Bf8 19.Nc2 g6 20.Re1  1/2-1/2

[Event "31st Munich OIS A"]
[Site "Munich GER"]
[Date "2011.09.22"]
[Round "6.3"]
[White "Dehlinger,Alexander"]
[Black "Deglmann,L"]
[Result "1/2-1/2"]
[WhiteElo "2140"]
[BlackElo "2329"]

1.Nf3 e6 2.c4 b6 3.g3 Bb7 4.Bg2 Nf6 5.O-O c5 6.Nc3 Be7 7.d4 cxd4 8.Qxd4 O-O
9.Bg5 Nc6 10.Qd2 Na5 11.b3 d5 12.cxd5 Nxd5 13.Nxd5 Bxd5  1/2-1/2

[Event "34th OFSz Mayor's Cup"]
[Site "Zabrze POL"]
[Date "2011.09.30"]
[Round "10.2"]
[White "Piesik,P"]
[Black "Kuciel,W"]
[Result "1-0"]
[WhiteElo "2206"]
[BlackElo "2021"]

1.Nf3 c5 2.g3 b6 3.Bg2 Bb7 4.O-O Nf6 5.c4 e6 6.Nc3 Be7 7.d3 O-O 8.e4 d6 9.Ne1 Nc6
10.f4 a6 11.Nc2 Qc7 12.Be3 Rad8 13.Kh1 Nb4 14.Nxb4 cxb4 15.Ne2 Ng4 16.Bg1 f5
17.Nd4 Qd7 18.exf5 Bxg2+ 19.Kxg2 exf5 20.Qf3 d5 21.Rae1 dxc4 22.dxc4 Rc8
23.Qd5+ Qxd5+ 24.cxd5 Bf6 25.Nc6 Kf7 26.h3 Nh6 27.Re2 Rfe8 28.Rfe1 Bxb2 29.Rxe8 Rxe8
30.Rxe8 Kxe8 31.Bxb6 Ng8 32.Nxb4 Nf6 33.Nxa6 Nxd5 34.Nc7+ Nxc7 35.Bxc7 Ba3
36.Kf3 Kd7 37.Be5 g6 38.g4 Ke6 39.Bc7 Kf6 40.Ke3 fxg4 41.hxg4 h5 42.gxh5 gxh5
43.Ke4 Bc1 44.Bd8+ Ke6 45.f5+ Kd7 46.Bh4 Bb2 47.Kd5 Ba3 48.f6 Bb2 49.f7 Bg7
50.a4 Kc7 51.Ke6 Kb6 52.Bf6 Bf8 53.Be7 Bh6 54.Kf5 h4 55.Bxh4 Bf8 56.Ke6 Ka5
57.Be7  1-0

[Event "Belgrade Premier League 2011"]
[Site "Belgrade SRB"]
[Date "2011.10.05"]
[Round "5.2"]
[White "Radusinovic,L"]
[Black "Hrzic,I"]
[Result "1/2-1/2"]
[WhiteElo "2308"]
[BlackElo "2319"]

1.Nf3 c5 2.c4 Nf6 3.g3 b6 4.Bg2 Bb7 5.O-O e6 6.Nc3 a6 7.h3 Be7 8.d4 cxd4
9.Qxd4 d6 10.b3 O-O  1/2-1/2

[Event "II Oliver Gonzalez Memorial"]
[Site "Madrid ESP"]
[Date "2011.10.08"]
[Round "1.11"]
[White "Rodriguez Vignote,J"]
[Black "Roa Alonso,S"]
[Result "0-1"]
[WhiteElo "1934"]
[BlackElo "2420"]

1.Nf3 Nf6 2.c4 e6 3.g3 b6 4.Bg2 Bb7 5.O-O c5 6.Nc3 Be7 7.Re1 O-O 8.e4 d6
9.d4 cxd4 10.Nxd4 a6 11.Be3 Qc7 12.Rc1 Nbd7 13.f4 Rfe8 14.g4 Nc5 15.Bf2 Nxg4
16.Qxg4 Nd3 17.Bf1 Nxf2 18.Kxf2 Qc5 19.Rcd1 Bf6 20.e5 dxe5 21.Na4 Qc7 22.fxe5 Bxe5
23.h4 f5 24.Qh3 Rad8 25.Nf3 Bf4 26.Ng5 b5 27.Rxd8 Qxd8 28.Nc3 Qd4+ 29.Re3 Bxg5
30.hxg5 f4 31.Nd1 fxe3+ 32.Nxe3 Rf8+ 33.Ke1 Qe5 34.Be2 Rf3 35.Ng4 Qxe2+  0-1

[Event "TCh-SWE 2011-12"]
[Site "Malmo SWE"]
[Date "2011.10.09"]
[Round "3"]
[White "Akesson,J"]
[Black "Blomqvist,E"]
[Result "1/2-1/2"]
[WhiteElo "2297"]
[BlackElo "2469"]

1.Nf3 c5 2.c4 Nf6 3.g3 b6 4.Bg2 Bb7 5.O-O e6 6.b3 Be7 7.Bb2 O-O 8.e3 d6 9.Nc3 Nbd7
10.Qe2 a6 11.Rfd1 Re8 12.d4 Ne4 13.Nxe4 Bxe4 14.Ne1 Bxg2 15.Nxg2 cxd4 16.Bxd4 Qb8
17.e4 Qb7 18.f3 b5 19.Ne3 bxc4 20.Nxc4 Qb5 21.Qf2 a5 22.Qb2 Bf8 23.Rd2 a4
24.Rad1 Reb8 25.Bf2 axb3 26.axb3 Qxb3 27.Qxb3 Rxb3 28.Kg2 Ne5 29.Nxe5 dxe5
30.Rd8 Ra2 31.R1d2 Rxd2 32.Rxd2 g5 33.g4 Bb4 34.Rd8+ Kg7 35.h4 Rb2 36.Kf1 gxh4
37.Bxh4 Bd2 38.Bg3 Bf4 39.Bf2 h6 40.Rc8 Ra2 41.Rb8 Kf6 42.Rh8 Bd2 43.Bh4+ Kg7
44.Rc8 Be3 45.Bg3 Bd4 46.Rd8 Ra1+ 47.Kg2 Rg1+ 48.Kh2 Rd1 49.Kg2 Rg1+ 50.Kh2 Rb1  1/2-1/2

[Event "TCh-AUT 2 Ost 2011-12"]
[Site "Bruck AUT"]
[Date "2011.10.15"]
[Round "1"]
[White "Kleiser,G"]
[Black "Wallner,J"]
[Result "1-0"]
[WhiteElo "2263"]
[BlackElo "2333"]

1.c4 Nf6 2.Nf3 c5 3.g3 b6 4.Bg2 Bb7 5.O-O e6 6.Nc3 Be7 7.b3 O-O 8.Bb2 d5
9.cxd5 Nxd5 10.Nxd5 Bxd5 11.Qc2 Nc6 12.Rac1 Rc8 13.Qb1 f5 14.d3 Nb4 15.a3 Na6
16.e4 Ba8 17.Ne5 Nc7 18.b4 cxb4 19.axb4 Bxb4 20.Qa2 a5 21.Bh3 Kh8 22.Bxf5 exf5
23.Nf7+ Rxf7 24.Qxf7 Bf8 25.Be5 Nb5 26.exf5 Rxc1 27.Rxc1 Bd5 28.Qh5 Kg8 29.f6 g6
30.Qg4 Nd6 31.Qd4 Nf5 32.f7+ Kxf7 33.Rc7+ Kg8 34.Qxb6 Qg5 35.Qxa5 Ne7 36.Bf4 Qg4
37.Rxe7 Qf3 38.Re4 Qxd3 39.Re3 Qf5 40.Re5 Qb1+ 41.Qe1 Qb7 42.Re8 Kf7 43.Rb8 Qd7
44.Qe5  1-0

[Event "Indonesia Open"]
[Site "Jakarta INA"]
[Date "2011.10.17"]
[Round "6.23"]
[White "Sudung,Tampubolon"]
[Black "Sitanggang,S"]
[Result "0-1"]
[WhiteElo "2252"]
[BlackElo "2376"]

1.Nf3 Nf6 2.g3 b6 3.Bg2 Bb7 4.O-O c5 5.c4 e6 6.d3 Be7 7.b3 O-O 8.Bb2 d5 9.Nbd2 d4
10.Re1 Nc6 11.a3 a5 12.Qc2 Qd7 13.h3 Rad8 14.Rad1 Rfe8 15.Nf1 Bf8 16.e3 e5
17.exd4 cxd4 18.Re2 h6 19.Bc1 Qc7 20.Rde1 e4 21.N3d2 exd3 22.Qxd3 Rxe2 23.Rxe2 Nd7
24.Ne4 Nde5 25.Qb1 d3 26.Re1 Nd4 27.Nfd2 Ne2+  0-1

[Event "TCh-BEL 2011-12"]
[Site "Belgium BEL"]
[Date "2011.10.23"]
[Round "2.1"]
[White "Gharamian,T"]
[Black "Wemmers,X"]
[Result "1-0"]
[WhiteElo "2676"]
[BlackElo "2414"]

1.Nf3 Nf6 2.c4 e6 3.g3 b6 4.Bg2 Bb7 5.O-O c5 6.Nc3 Be7 7.Re1 d6 8.e4 e5 9.d4 cxd4
10.Nxd4 exd4 11.e5 dxe5 12.Bxb7 Nbd7 13.Bxa8 Qxa8 14.Nb5 O-O 15.Bd2 e4 16.Bf4 d3
17.f3 Bc5+ 18.Kg2 Bb4 19.Rf1 a6 20.Nc7 Qb7 21.fxe4 Qxe4+ 22.Qf3 Qxc4 23.a3 Bc5
24.Rad1 Qd4 25.b4 Ne5 26.Bxe5 Qxe5 27.bxc5 Qxc7 28.c6 Rd8 29.Rd2 Rd6 30.Rc1 h5
31.Rxd3 Ng4 32.Qf4 Qe7 33.Rxd6 Qe2+ 34.Kg1 Qxh2+ 35.Kf1 Qh1+ 36.Ke2 Qg2+
37.Ke1 Qg1+ 38.Kd2 Qg2+ 39.Kc3 g6 40.c7  1-0

[Event "TCh-SUI 2011"]
[Site "Lausanne SUI"]
[Date "2011.10.23"]
[Round "9.3"]
[White "Moor,R"]
[Black "Kurmann,O"]
[Result "1/2-1/2"]
[WhiteElo "2395"]
[BlackElo "2445"]

1.Nf3 c5 2.c4 Nf6 3.g3 b6 4.Bg2 Bb7 5.O-O e6 6.Nc3 Be7 7.Re1 d6 8.e4 a6 9.d4 cxd4
10.Nxd4 Qc7 11.Be3 Nbd7 12.Rc1 Rc8 13.f4 O-O 14.b3 Rfe8 15.Bf2 Bf8 16.h3 g6
17.Qd2 Qb8 18.Nf3 Qa8 19.Qe2 Nc5 20.Nd2 Rcd8 21.b4 Ncd7 22.a3 Rc8  1/2-1/2

[Event "TCh-SVK Extraliga 2011-12"]
[Site "Slovakia SVK"]
[Date "2011.10.23"]
[Round "2"]
[White "Mrva,Mart"]
[Black "Jurcik,Mari"]
[Result "1/2-1/2"]
[WhiteElo "2470"]
[BlackElo "2474"]

1.Nf3 Nf6 2.c4 b6 3.g3 c5 4.Bg2 Bb7 5.O-O e6 6.Re1 Be7 7.Nc3 Ne4 8.Nxe4 Bxe4
9.d3 Bb7 10.d4 cxd4 11.Qxd4 O-O 12.Qg4 Bf6 13.Rd1 Qc8 14.Ng5 Bxg2 15.Kxg2 Qc6+
16.Kg1 Na6 17.Qe4 Bxg5 18.Qxc6 dxc6 19.Bxg5 f6 20.Be3 Rfd8 21.c5 Nxc5 22.Rdc1 Rd5
23.Rc2 Rad8 24.Kg2 Kf7 25.Rac1 Nd7 26.Rxc6 Ne5 27.Rc7+ R8d7 28.h3 Rxc7 29.Rxc7+ Rd7
30.Rc3 Ng6 31.a4 Ne7 32.Kf3 Nd5 33.Rc8 Rc7 34.Ra8 a5 35.Rb8 Rc2 36.Bd4 e5
37.Bxb6 Rxb2 38.Ba7 Rxb8 39.Bxb8 Nc3 40.Bc7 Nxa4 41.Bxa5 Ke6 42.g4 g6 43.Bb4  1/2-1/2

[Event "38th ch-IND w 2011"]
[Site "Chennai IND"]
[Date "2011.10.29"]
[Round "1"]
[White "Mohota,N"]
[Black "Cholleti,S"]
[Result "1-0"]
[WhiteElo "2320"]
[BlackElo "2074"]

1.Nf3 Nf6 2.c4 c5 3.g3 b6 4.Bg2 Bb7 5.O-O e6 6.Nc3 d6 7.d4 cxd4 8.Nxd4 Bxg2
9.Kxg2 a6 10.e4 Qc7 11.Be3 Nbd7 12.Rc1 Be7 13.b3 O-O 14.f3 Qb7 15.Qe2 Rfd8
16.Bg1 Bf8 17.h3 Rac8 18.Kh2 g6 19.f4 Bg7 20.Nf3 b5 21.cxb5 axb5 22.Qxb5 Qxb5
23.Nxb5 Nxe4 24.Na7 Rxc1 25.Rxc1 Nc3 26.Rc2 Ra8 27.b4 Rb8 28.Nc6 Ra8 29.Na7 Rb8
30.a3 Nb1 31.Rc7 Nf6 32.b5 Nxa3 33.b6 Nd5 34.Rc8+ Rxc8 35.Nxc8 Nxb6 36.Nxb6 e5
37.fxe5 dxe5 38.Nd5 f5 39.Ne7+ Kf7 40.Bc5 Bf8 41.Nxe5+  1-0

[Event "TCh-NED Meesterklasse 2011-12"]
[Site "Netherlands NED"]
[Date "2011.10.29"]
[Round "2.3"]
[White "Van der Werf,M"]
[Black "Orlov,And"]
[Result "1/2-1/2"]
[WhiteElo "2441"]
[BlackElo "2525"]

1.Nf3 Nf6 2.g3 b6 3.Bg2 Bb7 4.O-O e6 5.c4 c5 6.Nc3 a6 7.b3 d6 8.Bb2 Nbd7
9.e3 Be7 10.d4 cxd4 11.Nxd4 Qc7 12.f4 h5 13.Qe2 Bxg2 14.Qxg2 Rc8 15.Rac1 Nc5
16.Rfd1 Qb7 17.Qxb7 Nxb7 18.Na4 Nc5  1/2-1/2

[Event "TCh-CZE Liga 1 Zapad"]
[Site "Czech Rep CZE"]
[Date "2011.10.30"]
[Round "2.8"]
[White "Turner, Radek"]
[Black "Vacek, Martin"]
[Result "0-1"]
[WhiteElo "2128"]
[BlackElo "2259"]

1.c4 Nf6 2.g3 e6 3.Nf3 b6 4.Bg2 Bb7 5.O-O c5 6.b3 Be7 7.Bb2 O-O 8.e3 d5 9.Ne5 Qc8
10.Ng4 Nbd7 11.cxd5 Nxg4 12.Qxg4 Bf6 13.d4 cxd4 14.dxe6 Bxg2 15.exd7 Qb7
16.Re1 Bc6 17.Nd2 Bxd7 18.Qf3 Bc6 19.e4 Rfe8 20.Qd3 Rad8 21.f4 Be7 22.a4 Bb4
23.e5 Qd7 24.Re2 Qd5 25.Qe4 d3 26.Qxd5 Bxd5 27.Rf2 Bc5 28.Ba3 Bd4 29.Rd1 f6
30.Bd6 Kf7 31.Nc4 Bxc4 32.bxc4 Rc8 33.c5 bxc5 34.Rxd3 Bxf2+ 35.Kxf2 c4 36.Rc3 Ke6
37.Ke3 Kd5 38.Rc1 c3 39.Kd3 c2 40.Bb4 fxe5 41.fxe5 Rxe5 42.Bc3 Re7 43.Kxc2 Rxc3+
44.Kxc3 Rc7+ 45.Kd2 Rxc1 46.Kxc1 Kc4  0-1

[Event "15th OIBM"]
[Site "Bad Wiessee GER"]
[Date "2011.11.05"]
[Round "8.18"]
[White "Kunin,V"]
[Black "Berchtenbreiter,M"]
[Result "0-1"]
[WhiteElo "2549"]
[BlackElo "2290"]

1.Nf3 c5 2.c4 Nf6 3.g3 b6 4.Bg2 Bb7 5.O-O e6 6.Nc3 Be7 7.d4 cxd4 8.Qxd4 d6
9.Bg5 h6 10.Bxf6 Bxf6 11.Qf4 g5 12.Qd2 a6 13.Rfd1 Be7 14.Ne4 Bxe4 15.Qd4 O-O
16.Qxe4 Ra7 17.Nd4 Re8 18.Rd2 Qc8 19.b3 Bf8 20.g4 Rd7 21.Qe3 Rc7 22.Rf1 Nd7
23.f4 e5 24.fxe5 Nxe5 25.Bd5 Nxc4 26.Qd3 Nxd2 27.Qxd2 Qxg4+ 28.Kh1 Bg7 29.Nf3 Kh8
30.Qd3 Qh3 31.Rg1 g4 32.Nd2 Qxd3 33.exd3 f5 34.Nc4 Re2 35.Nxd6 Rcc2  0-1

[Event "5th Mediterranean Open"]
[Site "Rijeka CRO"]
[Date "2011.11.12"]
[Round "1.28"]
[White "Ramesa,D"]
[Black "Tomulic,T"]
[Result "1-0"]
[WhiteElo "2302"]
[BlackElo "1639"]

1.c4 b6 2.Nf3 Nf6 3.g3 Bb7 4.Bg2 e6 5.O-O c5 6.Nc3 d5 7.cxd5 Nxd5 8.d4 Nd7
9.Qa4 Be7 10.dxc5 Nxc3 11.bxc3 Bxc5 12.Rd1 f6 13.Nd4 Bxg2 14.Nxe6 Qe7 15.Nxc5 bxc5
16.Kxg2 Rd8 17.Bf4 O-O 18.Bd6  1-0

[Event "21st World Seniors"]
[Site "Rijeka CRO"]
[Date "2011.11.15"]
[Round "1.19"]
[White "Taksrud,V"]
[Black "Rajkovic,Du"]
[Result "0-1"]
[WhiteElo "2078"]
[BlackElo "2416"]

1.Nf3 c5 2.c4 Nf6 3.g3 b6 4.Bg2 Bb7 5.O-O e6 6.d4 cxd4 7.Qxd4 d6 8.Rd1 Be7
9.Nc3 a6 10.Be3 Nbd7 11.Rac1 O-O 12.h3 Qc7 13.b3 Rac8 14.Qd2 Rfe8 15.Bf4 e5
16.Nd5 Nxd5 17.cxd5 Qb8 18.Be3 Rxc1 19.Rxc1 Rc8 20.Rxc8+ Qxc8 21.g4 b5 22.Ne1 h6
23.Nc2 Bd8 24.Be4 Nf6 25.Bf5 Qa8 26.Nb4 Ba5 27.a3 Kf8 28.Bxh6 gxh6 29.Qxh6+ Ke7
30.g5 Ng8 31.Qh4 Bxb4 32.axb4 Bxd5 33.e4 Bxb3 34.g6+ Nf6 35.g7 Be6 36.Qh8 Qe8
37.Bh7 Bxh3 38.f4 exf4 39.e5 dxe5 40.Be4 Bd7 41.Qh4 Qc8 42.Kh2 Be6 43.Bh7 Qc1
44.g8=Q Bd5 45.Qg1 Qd2+  0-1

[Event "21st World Seniors"]
[Site "Rijeka CRO"]
[Date "2011.11.21"]
[Round "6.18"]
[White "Frumson,Y"]
[Black "Karasev,Vl"]
[Result "0-1"]
[WhiteElo "2206"]
[BlackElo "2377"]

1.Nf3 Nf6 2.c4 e6 3.g3 b6 4.Bg2 Bb7 5.O-O c5 6.Nc3 Be7 7.Re1 a6 8.e4 d6 9.d4 cxd4
10.Nxd4 Qc7 11.Be3 Nbd7 12.Rc1 O-O 13.f4 g6 14.b3 Rfe8 15.Kh1 Bf8 16.Bg1 Rac8
17.Nf3 b5 18.cxb5 axb5 19.Nxb5 Qxc1 20.Qxc1 Rxc1 21.Rxc1 Bxe4 22.Ne1 d5 23.Bxe4 Nxe4
24.Nd3 Rb8 25.Na7 Rb7 26.Nc6 Ba3 27.Rc2 Bd6 28.Nce5 f6 29.Nxd7 Rxd7 30.b4 d4
31.Kg2 e5 32.fxe5 fxe5 33.Re2 Nc3 34.Re1 Nxa2 35.b5 Nc3 36.b6 Re7 37.b7 Rxb7
38.Nxe5 Bxe5 39.Rxe5 Rd7 40.h4 d3 41.Be3 d2 42.Bxd2 Rxd2+ 43.Kf3 Rd3+ 44.Kf4 Rd5
45.Re7 Rf5+  0-1

[Event "25th Belgrade Trophy"]
[Site "Obrenovac SRB"]
[Date "2011.11.24"]
[Round "1.24"]
[White "Nikcevic,N"]
[Black "Stanimirovic,M"]
[Result "1-0"]
[WhiteElo "2412"]
[BlackElo "1952"]

1.Nf3 Nf6 2.c4 e6 3.g3 b6 4.Bg2 Bb7 5.O-O c5 6.Nc3 Be7 7.Re1 d5 8.cxd5 Nxd5
9.e4 Nb4 10.d4 cxd4 11.Nxd4 N4c6 12.Nxc6 Bxc6 13.Qe2 O-O 14.Rd1 Qc8 15.a3 Na6
16.b4 Bb7 17.Bb2 Rd8 18.Nb5 Qc6 19.Rxd8+ Bxd8 20.Rc1 Qd7 21.Rd1 Qc6 22.Nd6 Rb8
23.b5  1-0

[Event "TCh-SVK Extraliga 2011-12"]
[Site "Slovakia SVK"]
[Date "2011.11.26"]
[Round "3"]
[White "Dovzik,J"]
[Black "Skara,V"]
[Result "1-0"]
[WhiteElo "2341"]
[BlackElo "2219"]

1.Nf3 Nf6 2.c4 c5 3.g3 b6 4.Bg2 Bb7 5.O-O e6 6.Nc3 Be7 7.d4 cxd4 8.Qxd4 d6
9.b3 O-O 10.Bb2 a6 11.e4 Nbd7 12.Rfe1 Qc7 13.Rac1 Rac8 14.h3 Rfe8 15.Qd2 Qb8
16.Nd4 Qa8 17.Qe3 Bf8 18.g4 d5 19.e5 Ne4 20.Nxe4 dxe4 21.Bxe4 Bxe4 22.Qxe4 Qb8
23.Rcd1 b5 24.cxb5 Nc5 25.Qe2 axb5 26.Nxb5 Red8 27.Nd6 Rc6 28.Nxf7 Rdc8 29.Nd6 Bxd6
30.exd6 Rxd6 31.Be5  1-0